00865nam a2200241Ia 4500003000400000005001700004008004100021020001500062040001800077041000800095082002200103100003100125245006900156250001200225260003600237300002800273650004700301650005200348650004800400942003000448999001900478952012600497OSt20250215105717.0210716s1998 xx 000 0 und d a8176351490 cAIMIT LIBRARY aeng a006.671 21bCADR aCadenhead, Rogers.9199956 aSams teach yourself java 1.2 in 24 hours /cBy Rogers Cadenhead. a1st ed. aNew Delhi :bTechmedia ,c1998. axvii,429p. ;bPBc24 cm aLearning the basics of programming9199957 aCreating applets for the world wide web9199958 aImproving the look of year programs9199959 2ddccBKe1stk006.671CADR c183319d183319 001040708MCAaAIMITbAIMITd2021-07-16g150.00l0o006.671 CADRpMCA02827r2025-07-21 00:00:00v150.00w2021-07-16yBK